Kráska z hororu slovenská herečka Barbara Nedeljáková si na hollywoodsky spôsob života nemôže zvyknúť. V mekke filmu sa stretáva s otázkou : Sú všetky Slovenky také pekné ?

Bibliographic Details
Main Authors: Solčanská, Martina, 1981- (Author, Interviewer), Nedeljáková, Barbara, 1979- (Author)
Format: Article
Language:Slovak
PhysicalDescription:Obr.
ISSN:1335-2776
Subjects:

MARC

LEADER 00000nab a2200000 a 4500
001 vtls008629447
003 SK-MaSNL
005 20260304223237.0
008 060308|2006 xo wrz r 000 0 slo
015 |a SNBRB2006/03  |2 kevkjb 
038 |a KEVKJB 
040 |a KEVKJB  |b slo  |c KEVKJB  |e AACR2 
041 0 |a slo 
044 |a xo  |c SK 
080 |a 792.071.2  |2 2001 
080 |a 929 Nedeljáková, Barbara  |2 2001 
100 1 |a Solčanská, Martina,  |d 1981-   |4 ivr  |4 aut  |9 102950 
245 1 0 |a Kráska z hororu  |b slovenská herečka Barbara Nedeljáková si na hollywoodsky spôsob života nemôže zvyknúť. V mekke filmu sa stretáva s otázkou : Sú všetky Slovenky také pekné ?  |c Martina Solčanská, Barbara Nedeljáková 
300 |b Obr. 
500 |a Herečka Barbara Nadeljáková pochádza z Banskej Bystrice 
600 1 7 |a Nedeljáková, Barbara  |d 1979-  |2 kevkjb  |9 84646 
630 0 7 |a Hostel (film)  |2 kevkjb  |9 96618 
650 0 7 |a film  |2 kevkjb  |9 1425 
651 7 |a Banská Bystrica (Slovensko)  |2 kevkjb  |9 22015 
655 7 |a rozhovory  |2 kevkjb  |9 31831 
700 1 |a Nedeljáková, Barbara,  |d 1979-  |4 ive  |4 aut  |9 84646 
773 0 |t Markíza  |g Roč. IX, č. 10 (2006), s. 14-16  |x 1335-2776 
852 |a KEVKJB  |b KIS3GCP 
958 |a BX 
999 |c 3167021  |d 3168951